Centroamérica y la política exterior de Cuba: una alternativa de paz frente a la agresión de Estados Unidos a Centroamérica

Պահպանված է:
Մատենագիտական մանրամասներ
Հիմնական հեղինակ: Iglesias García, Alfonso
Համատեղ հեղինակ: Instituto superior de relaciones internacionales. Cuba
Ձևաչափ: Տեքստ
Հրապարակվել է: s.l.: ISRIC
Ցուցիչներ: Ավելացրեք ցուցիչ
Չկան պիտակներ, Եղեք առաջինը, ով նշում է այս գրառումը!

MARC

LEADER 00000 a a2200000 04500
001 23514
003
040
090 |a 163400  
100 |a Iglesias García, Alfonso  
110 |a Instituto superior de relaciones internacionales. Cuba  
245 |a Centroamérica y la política exterior de Cuba: una alternativa de paz frente a la agresión de Estados Unidos a Centroamérica  
260 |a s.l.:   |b ISRIC  
300 |a 44 p.   |b fonodiscos  
999 |c 10478  |d 10478